| 000 | 00387cam a2200157ua 4500 | ||
|---|---|---|---|
| 001 | 13413 | ||
| 008 | 141203n II |||gr||||Z||||||eng | ||
| 040 | _aMAIN | ||
| 041 | _aEnglish | ||
| 082 | _a082 GLA | ||
| 100 | _aGLANDEY , GRIG . | ||
| 245 | _aGUINNESS WORLD RECORD 2008 | ||
| 260 |
_aLONDON: _bGUINNESS WORLD RECORD LTD, _c2008. |
||
| 653 | _aCollections in English | ||
| 942 | _cBK | ||
| 999 |
_c13300 _d13300 |
||